000 00919nam a22002297a 4500
999 _c1300
_d1300
003 AR-CdUCM
008 190226b ||||| |||| 00| 0 spa d
040 _aMUNICIPALIDAD PROVINCIAL DEL CUSCO
_cBIBLIOTECA MUNICIPAL DEL CUSCO
041 _hfre
082 _a260 /
_bT574
100 _aTillard, J. M. R.
_95016
245 _aLos Religiosos en la Vida de la Iglesia /
260 _aMadrid :
_bPaulinas,
_c1969.
300 _a227 paginas ;
_c18 cm.
505 _aVida religiosa y vocación a la perfección -- Vida religiosa y consagración bautismal -- La vida religiosa en la misión apostólica de la iglesia -- La dimensión apostólica de la vida religiosa contemplativa -- Las religiones en la pastoral de la iglesia ....
650 _aDivino maestro
_95017
650 _aFieles
_94356
650 _aVida bautismal
_95018
650 _aTransformacion
_94675
942 _2ddc
_cLIBROS
945 _awnts
_d2019-02-26